000 00536nam a2200157 i 4500
001 74529
003 ES-MaACL
005 20230906172149.0
007 t|
008 040920s1973 sp ||||1| spa d
100 1 _aGonzález de León, Félix.
_958562
245 1 0 _aNoticia artística de todos los edificios públicos de esta muy noble ciudad de Sevilla /
_cpor Félix González de León.
260 _aSevilla :
_b[s.n.,
_c1973] (
_fGráf. del Sur)
300 _aXIV, 691 p., 12 lám. ;
_c24 cm.
852 _aES-MaACL
_jC-56468
_bR.89295
999 _c74529
_d74529